000 00283nam a22000977a 4500
008 231208b |||||||| |||| 00| 0 eng d
020 _a9789355559722
100 _aMTG
_97733
245 _aCBSE BOARD EXAM 2023-2024 SAMPLE QUESTION PAPERS-SCIENCE-CLASS-10
260 _aNew Delhi
_bMTG
_c2023
999 _c12495
_d12495